Loading...
Maanushyakam
| Hovedforfatter: | |
|---|---|
| Format: | Printed Book |
| Udgivet: |
1981
|
| LEADER | 003260000a22001090004500 | ||
|---|---|---|---|
| 040 | |a MAL | ||
| 082 | |a A4 MUH/M M1 | ||
| 100 | |a Muhammad, N P | ||
| 245 | |a Maanushyakam | ||
| 260 | |c 1981 | ||
| 999 | |c 27101 |d 27101 | ||
| 952 | |0 0 |1 0 |4 0 |6 A_000000000000000_4_MUHM_M1 |7 0 |8 MAL |9 26938 |a MGUL |b MGUL |d 2013-07-16 |l 0 |o A4 MUH/M M1 |p 04615 |r 2013-07-16 |w 2013-07-16 |y BK | ||